[Event "RSA-chT U12"]
[Site "Cape Town"]
[Date "2016.01.07"]
[Round "7.4"]
[White "Smuts, Heinrich"]
[Black "Marcus, Jaydn"]
[Result "1/2-1/2"]
[WhiteElo "1259"]
[BlackElo "1059"]
[PlyCount "50"]
[EventDate "2016.01.04"]
[EventType "team-tourn"]
[EventRounds "7"]
[EventCountry "RSA"]
[SourceTitle "CBM 170 Extra"]
[Source "ChessBase"]
[SourceDate "2016.02.25"]
[SourceVersion "1"]
[SourceVersionDate "2016.02.25"]
[SourceQuality "1"]
[WhiteTeam "Tshwane"]
[BlackTeam "Nelson Mandela Bay"]
[WhiteTeamCountry "RSA"]
[BlackTeamCountry "RSA"]

1. e4 e5 2. Nf3 Nc6 3. d4 exd4 4. Nxd4 Nf6 5. Nc3 Bb4 6. Nxc6 bxc6 7. Bd3 Bxc3+ 8. bxc3 h6 9. 0-0 0-0 10. Re1 Re8 11. Bd2 d6 12. h3 Bd7 13. Re2 d5 14. exd5 Nxd5 15. Rxe8+ Qxe8 16. c4 Nf6 17. Qe1 Be6 18. Bf4 Qc8 19. Qe5 Ne8 20. Be4 Qb7 21. Qc3 Nd6 22. Bd3 f6 23. Re1 Re8 24. Rd1 Rd8 25. Re1 Re8 1/2-1/2